Cahiers ORSTOM, série pédologie, vol. 25, n° 1-2, 1989-90 (Record no. 10576)
[ view plain ]
| 000 -LEADER | |
|---|---|
| fixed length control field | 00657 a2200217 4500 |
| 035 ## - SYSTEM CONTROL NUMBER | |
| System control number | 12818 |
| 035 ## - SYSTEM CONTROL NUMBER | |
| System control number | 12819 |
| 130 ## - VEDETTE PRINCIPALE - TITRE UNIFORME | |
| Language of a work | Fr. |
| 260 ## - PUBLICATION, DISTRIBUTION, ETC. (IMPRINT) | |
| Place of publication, distribution, etc | Paris |
| 260 ## - PUBLICATION, DISTRIBUTION, ETC. (IMPRINT) | |
| Name of publisher, distributor, etc | ORSTOM |
| 245 ## - TITLE STATEMENT | |
| Title | Cahiers ORSTOM, série pédologie, vol. 25, n° 1-2, 1989-90 |
| 260 ## - PUBLICATION, DISTRIBUTION, ETC. (IMPRINT) | |
| Date of publication, distribution, etc | 1990 |
| 300 ## - PHYSICAL DESCRIPTION | |
| Extent | 208 p. |
| 300 ## - PHYSICAL DESCRIPTION | |
| Other physical details | fig., tabl., photogr. ; 27 cm. |
| 500 ## - GENERAL NOTE | |
| General note | Texte sur deux colonnes. Texte en français, anglais et espagnol |
| 650 ## - SUBJECT ADDED ENTRY--TOPICAL TERM | |
| Topical term or geographic name as entry element | <Pédologie><Erodibilité des sols><Sols tropicaux> |
| 710 ## - ADDED ENTRY--CORPORATE NAME | |
| Corporate name or jurisdiction name as entry element | INSTITUT FRANCAIS DE RECHERCHE SCIENTIFIQUE POUR LE DEVELOPPEMENT EN COOPERATION. Paris |
| Withdrawn status | Lost status | Damaged status | Not for loan | Location (home branch) | Sublocation or collection (holding branch) | Date acquired | Source of acquisition | Koha issues (times borrowed) | Koha full call number | Piece designation (barcode) | Koha date last seen | Copy number | Koha item type |
|---|---|---|---|---|---|---|---|---|---|---|---|---|---|
| Bibliothèque Ecole Polytechnique d'Abomey-Calavi | Bibliothèque Ecole Polytechnique d'Abomey-Calavi | 27/02/2009 | EPAC | 631.45/I59c | 20923EPAC | 27/02/2009 | 1 | Livre |